| 000 | 01070nam a22002417a 4500 | ||
|---|---|---|---|
| 001 | BRCA_9414 | ||
| 003 | FranzMayer | ||
| 005 | 20230918130010.0 | ||
| 008 | 230904b |||||||| |||| 00| 0 eng d | ||
| 020 | _a9686495029 | ||
| 040 |
_aMFM _bESPAÑOL _cMFM |
||
| 050 | 0 |
_aAY439 _bI57 1993 |
|
| 110 | 1 |
_4Responsable _aInstituto de Investigaciones Interculturales Germano-Mexicanas _929622 |
|
| 240 |
_aAnuario del Instituto de Investigaciones Interculturales Germano-Mexicanas _hVolumen III 1992-1993 Número 5 y 6 _lEspañol/Inglés/Alemán |
||
| 245 | 0 |
_aAnuario del Instituto de Investigaciones Interculturales Germano-Mexicanas _bVolumen III 1992-1993 Número 5 y 6 |
|
| 260 |
_aMéxico _bInstituto de Investigaciones Interculturales Germano-Mexicanas _c1993 |
||
| 300 |
_a137 p _bIlustraciones _c27 cm |
||
| 500 | _aAnexo 1 | ||
| 505 | _aTexto en: español/Inglés/AlemánIncluye índice temático | ||
| 650 | 1 |
_2Anuarios _a1993 _vMéxico _929623 |
|
| 651 | 2 |
_2Anuarios 1993 _aInstituto de Investigaciones Interculturales Germano-Mexicanas _929624 |
|
| 942 |
_2lcc _cH |
||
| 999 |
_c11036 _d11036 |
||